Welcome to the Holygrace Academy Library

Please use search bar below to get started

FAMOUS FIVE GO ON ADVENTURING AGAIN (Record no. 7235)

MARC details
000 -LEADER
fixed length control field 00286nam a22001217a 4500
082 ## - DEWEY DECIMAL CLASSIFICATION NUMBER
Classification number 823
Item number BLY/F
100 ## - MAIN ENTRY--AUTHOR NAME
Personal name BLYTON, ENID
245 ## - TITLE STATEMENT
Title FAMOUS FIVE GO ON ADVENTURING AGAIN
260 ## - PUBLICATION, DISTRIBUTION, ETC. (IMPRINT)
Place of publication UNITED KINGDOM
Name of publisher HODDER
Year of publication 2001
300 ## - PHYSICAL DESCRIPTION
Number of Pages 246
650 ## - SUBJECT ADDED ENTRY--TOPICAL TERM
Topical Term ENGLISH STORY
Geographic subdivision SINGAPORE
942 ## - ADDED ENTRY ELEMENTS (KOHA)
Koha item type Books
Holdings
Withdrawn status Lost status Collection code Home library Current library Date acquired Source of acquisition Cost, normal purchase price Full call number Accession Number Koha item type
Withdrawn Damaged Item Fiction Main Library Main Library 08/03/2002 purchase 3.99 823 BLY/F 00046 Books